Estudio comparativo entre el sistema de gestión de calidad SGC de la dirección de registro de la UNI actual y el implementado en el 2008
Presenta un estudio comparativo entre el actual sistema de gestión de la calidad de la Dirección de Registro Académico de la UNI y el sistema de gestión de calidad implementado en el 2008 en la Universidad Nacional de Ingeniería.
| Main Authors: | , |
|---|---|
| Other Authors: | |
| Format: | Tesis Section = Libro |
| Language: | Undetermined Spanish |
| Published: |
Managua
UNI
2011
|
| Subjects: |
| LEADER | 01120nam a2200241Ia 4500 | ||
|---|---|---|---|
| 008 | 240830s9999 xx 000 0 und d | ||
| 040 | |a BIBLIOTECA-RUSB/ M.Mon 658.4038011 G216 | ||
| 041 | |a spa | ||
| 082 | |a M.Mon 658.4038011 G216 | ||
| 100 | 1 | |a García Bucardo, María Mercedes | |
| 100 | 1 | |b García Rivera, Mara Idelse | |
| 245 | 1 | 0 | |a Estudio comparativo entre el sistema de gestión de calidad SGC de la dirección de registro de la UNI actual y el implementado en el 2008 |
| 260 | |a Managua |b UNI |c 2011 | ||
| 300 | |a 108 p. :il. | ||
| 502 | |a Tesis (Máster en Informática Aplicada) - UNI, 2011. | ||
| 520 | 3 | |a Presenta un estudio comparativo entre el actual sistema de gestión de la calidad de la Dirección de Registro Académico de la UNI y el sistema de gestión de calidad implementado en el 2008 en la Universidad Nacional de Ingeniería. | |
| 650 | 7 | |a SISTEMAS DE INFORMACIÓN - REGISTRO ACADÉMICO | |
| 650 | 7 | |b SISTEMA DE GESTIÓN DE CALIDAD | |
| 650 | 7 | |c GESTIÓN DE CALIDAD DEL SERVICIO | |
| 700 | 1 | |a Tutor: |b Vargas Chévez, Norman | |
| 942 | |c BK |2 ddc | ||
| 991 | |a TESIS | ||
| 999 | |c 19426 | ||